|
|
|
|
| LEADER |
00715cam a2200217 7i4500 |
| 001 |
0000035705 |
| 005 |
20200615090000.0 |
| 008 |
110317 eng |
| 020 |
|
|
|a 9780723433972 (pbk.)
|
| 020 |
|
|
|a 0723433976
|
| 090 |
0 |
0 |
|a RJ48.5
|b .I84 2007
|
| 245 |
0 |
0 |
|a Illustrated textbook of paediatrics
|c edited by Dr. Tom Lissauer, Dr. Graham Clayden.
|
| 250 |
|
|
|a 3rd ed.
|
| 260 |
|
|
|a Edinburgh:
|b Mosby,
|c 2007.
|
| 300 |
|
|
|a xii, 516 p.:
|b col. ill.;
|c 27 cm.
|
| 504 |
|
|
|a Includes bibliographical references and index
|
| 650 |
|
0 |
|a Pediatrics
|
| 700 |
1 |
|
|a Lissauer, Tom
|
| 700 |
1 |
|
|a Clayden, Graham
|
| 997 |
|
|
|a Health Sciences, Faculty
|
| 999 |
|
|
|a 0000043719
|b BOK
|c OPEN SHELF
|e 1st Floor, Shah Alam
|